Developing a vertical reference surface for hydrography (Record no. 106037)
[ view plain ]
| 000 -LEADER | |
|---|---|
| fixed length control field | 01349cam a2200241 4500 |
| 001 - CONTROL NUMBER | |
| control field | ##L135390 |
| 008 - FIXED-LENGTH DATA ELEMENTS--GENERAL INFORMATION | |
| fixed length control field | 061023n2006 000 0 eng u |
| 035 ## - SYSTEM CONTROL NUMBER | |
| System control number | (Sirsi) u135390 |
| 041 0# - LANGUAGE CODE | |
| Language code of text/sound track or separate title | eng |
| 050 04 - LIBRARY OF CONGRESS CALL NUMBER | |
| Classification number | 526.99 $2 18 |
| 110 2# - MAIN ENTRY--CORPORATE NAME | |
| Corporate name or jurisdiction name as entry element | Royal Institution of Chartered Surveyors |
| Subordinate unit | Geomatics Faculty |
| 9 (RLIN) | 4352 |
| 245 00 - TITLE STATEMENT | |
| Title | Developing a vertical reference surface for hydrography |
| Remainder of title | a useful guide from RICS and FIG Commission 4 (Hydrography) on what a vertical reference surface is and how it can benefit you |
| 260 ## - PUBLICATION, DISTRIBUTION, ETC. | |
| Place of publication, distribution, etc. | London |
| Name of publisher, distributor, etc. | RICS |
| Date of publication, distribution, etc. | 2006 |
| 300 ## - PHYSICAL DESCRIPTION | |
| Extent | 1 |
| Type of unit | folded sheet |
| Dimensions | 44x21cm. |
| 490 #0 - SERIES STATEMENT | |
| Series statement | RICS Geomatics Guide |
| 520 ## - SUMMARY, ETC. | |
| Summary, etc. | Explains what a vertical reference surface for hydrography is and why one is needed. This guide is the first of a new series of industry-specific client guides designed to explain complex geomatics subject areas, technologies and techniques. It is related to the detailed Federation Internationale des Geometres (FIG) publication "FIG guide on the development of a vertical reference surface for hydrography"(L135387). |
| 590 ## - LOCAL NOTE (RLIN) | |
| Local note | IKA311006 |
| 651 #4 - SUBJECT ADDED ENTRY--GEOGRAPHIC NAME | |
| Geographic name | International |
| 690 ## - LOCAL SUBJECT ADDED ENTRY--TOPICAL TERM (OCLC, RLIN) | |
| Topical term or geographic name as entry element | Hydrography |
| 9 (RLIN) | 6245 |
| 710 2# - ADDED ENTRY--CORPORATE NAME | |
| Corporate name or jurisdiction name as entry element | Federation Internationale des Geometres |
| 9 (RLIN) | 5065 |
| 856 40 - ELECTRONIC LOCATION AND ACCESS | |
| Uniform Resource Identifier | <a href="https://www.rics.org/site/scripts/download_info.aspx?downloadID=2771">https://www.rics.org/site/scripts/download_info.aspx?downloadID=2771</a> |
| Public note | View the guide free of charge at www.rics.org... |
| 942 ## - ADDED ENTRY ELEMENTS (KOHA) | |
| Suppress in OPAC | 0 |
| Withdrawn status | Lost status | Source of classification or shelving scheme | Damaged status | Not for loan | Home library | Current library | Shelving location | Date acquired | Total Checkouts | Full call number | Barcode | Date last seen | Copy number | Price effective from | Koha item type |
|---|---|---|---|---|---|---|---|---|---|---|---|---|---|---|---|
| Dewey Decimal Classification | London | London | RICS Boxes | 02/02/2007 | RICS 2006/48 | 30073622 | 06/08/2019 | 1 | 06/08/2019 | Archive | |||||
| Dewey Decimal Classification | London | London | RICS Boxes | 02/02/2007 | RICS 2006/48 | 30073623 | 06/08/2019 | 2 | 06/08/2019 | Reference material | |||||
| Dewey Decimal Classification | London | London | RICS Boxes | 02/02/2007 | RICS 2006/48 | 30073624 | 06/08/2019 | 3 | 06/08/2019 | Book | |||||
| Dewey Decimal Classification | Virtual | Virtual | Online | 23/10/2006 | ONLINE PUBLICATION | 135390-2001 | 06/08/2019 | 1 | 06/08/2019 | Book |